Statistics for Famous People By Last Names

Click here to take the quiz!

General Stats

  • This quiz has been taken 107 times
  • The average score is 19 of 26

Answer Stats

Last NamesFirst Name% Correct
BAffleck, Stiller, FranklinBen
100%
AFrank, Hathaway, BancroftAnne
98%
GWashington, Clooney, BushGeorge
98%
CDarwin, Dickens, De GaulleCharles
96%
IHayes, Newton, AsimovIsaac
88%
UBoltUsain
87%
WWhitman, Frazier, DisneyWalt
87%
KHart, Jonas, BaconKevin
86%
HKissinger, Ford, RollinsHenry
85%
THilfiger, Lee, JonesTommy
84%
YOnoYoko
83%
PJackson, Sellers, DinklagePeter
81%
SSmith, Cooke, ElliottSam
80%
FDrake, Key, CoppolaFrancis
77%
LLiu, Ball, LawlessLucy
76%
NMerchant, Cole, ImbrugliaNatalie
70%
RMaddow, McAdams, BilsonRachel
65%
EWarren, Smart, TaylorElizabeth
64%
XJinpingXi
64%
JBinoche, Lewis, CapuletJuliet
62%
DReynolds, Harry, AllenDebbie
61%
MEtheridge, Gilbert, McCarthyMelissa
56%
ZKravitz, Saldana, SuggZoe
55%
QPondexter, Jones, GillmoreQuincy
52%
OWilde, Munn, PopeOlivia
49%
VBertinelli, Harper, JarrettValerie
37%

Score Distribution

Percentile by Number Answered

Percent of People with Each Score

Your Score History

You have not taken this quiz